[Event "Gibraltar Open"]
[Site "Caleta ENG"]
[Date "2012.01.30"]
[Round "7.63"]
[White "Samu,S"]
[Black "Bosboom,M"]
[Result "0-1"]
[WhiteElo "2156"]
[BlackElo "2394"]

1.e4 c5 2.Nc3 Nc6 3.Nf3 e6 4.Be2 a6 5.a4 g5 6.h3 Bg7 7.d3 h6 8.Be3 Qb6 9.Qc1 Nge7
10.Kf1 Nd4 11.a5 Qc7 12.Bd1 Nec6 13.h4 g4 14.Nd2 Nxa5 15.Bxg4 b5 16.f4 h5
17.Bf3 Bb7 18.e5 Nxf3 19.Nxf3 f6 20.exf6 Bxf6 21.Ne4 Be7 22.Qd2 Nc4 23.dxc4 Bxe4
24.Ng5 Bxg5 25.hxg5 b4 26.c3 b3 27.Qe2 h4 28.Kg1 Qc6 29.Rh3 a5 30.Qf2 a4
31.Ra3 Bf5 32.Rxh4 Rxh4 33.Qxh4 O-O-O 34.Qf2 d6 35.Qf3 Be4 36.Qh3 Kb7 37.Qxe6 Bxg2
38.Qg4 Bf3 39.Qg3 Qe4 40.Kf2 Bh1 41.Qh3 Qc2+ 42.Kg3 Bc6 43.Qh2 Re8 44.Qxc2 Rxe3+
45.Kf2 bxc2 46.Ra1 Rf3+ 47.Ke2 Rxf4 48.Rg1 Rg4 49.Rxg4 c1=Q 50.g6 Qxb2+ 51.Kd3 Bd7
52.g7 Bxg4  0-1

[Event "Gibraltar Open"]
[Site "Caleta ENG"]
[Date "2012.01.30"]
[Round "7.80"]
[White "Tavares,S"]
[Black "Marley,Andrew S G"]
[Result "1/2-1/2"]
[WhiteElo "2218"]
[BlackElo "1889"]

1.e4 c5 2.Nc3 Nc6 3.Bb5 Nd4 4.Bc4 e6 5.Nge2 Ne7 6.O-O Nec6 7.d3 Be7 8.f4 O-O
9.Ng3 f5 10.Be3 Kh8 11.Qd2 Rb8 12.a4 Qa5 13.Nge2 Qb4 14.Bb5 a6 15.Bxc6 bxc6
16.e5 a5 17.Rab1 Ba6 18.Nc1 d5 19.exd6 Bf6 20.N1a2 Qb6 21.b3 Rfd8 22.Qf2 Rxd6
23.Rbd1 Rbd8 24.Nc1 Qb4 25.N1e2 Qb6 26.Nc1 Qb4 27.N1a2 Qb6 28.Nc1 Qb4 29.N3a2 Qb6
30.Kh1 Kg8 31.h3 Rf8 32.c3 Nxb3 33.Nxb3 Qxb3 34.Bxc5 Rxd3 35.Rb1 Qd5 36.Bxf8 Rd2
37.Qf3 Kxf8 38.Rb8+ Ke7 39.c4 Qxf3 40.Rxf3 Rxa2  1/2-1/2

[Event "Gibraltar Open"]
[Site "Caleta ENG"]
[Date "2012.01.30"]
[Round "7.4"]
[White "Short,N"]
[Black "Dzagnidze,N"]
[Result "1/2-1/2"]
[WhiteElo "2677"]
[BlackElo "2535"]

1.e4 c5 2.Nc3 Nc6 3.Nge2 e5 4.Nd5 d6 5.Nec3 Nge7 6.Bc4 a6 7.a4 Nb4 8.d3 Nbxd5
9.Nxd5 Be6 10.f4 Bxd5 11.exd5 exf4 12.Qe2 g5 13.h4 Bg7 14.hxg5 Be5 15.c3 Kf8
16.a5 Ng6 17.Rh5 Kg7 18.Kd1 h6 19.gxh6+ Rxh6 20.Rxh6 Kxh6 21.Bd2 Kg7 22.Kc2 Qg5
23.Rh1 Rh8 24.Rxh8 Kxh8 25.Be1 Kg7 26.Qe4 Ne7 27.Bf2 Qg6 28.Qxg6+ fxg6 29.d4 cxd4
30.cxd4 Bf6 31.Kd3 Nf5 32.b4 Bd8 33.Ke4 Ne3 34.Bxe3 fxe3 35.Kxe3 Kf7 36.Bd3 Bg5+
37.Ke2 Bf6  1/2-1/2

[Event "Gibraltar Open"]
[Site "Caleta ENG"]
[Date "2012.01.31"]
[Round "8.25"]
[White "Muzychuk,A"]
[Black "Adnani,Mokhlis"]
[Result "1-0"]
[WhiteElo "2580"]
[BlackElo "2386"]

1.e4 c5 2.Nf3 Nc6 3.Nc3 g6 4.d4 cxd4 5.Nxd4 Bg7 6.Be3 Nf6 7.Bc4 O-O 8.Bb3 Ng4
9.Qxg4 Nxd4 10.Qd1 Nxb3 11.axb3 a5 12.Bd4 Bh6 13.O-O Ra6 14.Qd3 d6 15.f4 e6
16.Rad1 Qh4 17.Rf3 e5 18.Bf2 Qd8 19.f5 Rc6 20.Nd5 b5 21.c3 b4 22.Qb5 Bd7
23.Bb6 bxc3 24.bxc3 Rxb6 25.Qxb6 Qxb6+ 26.Nxb6 Bc6 27.Nd5 Kg7 28.f6+ Kh8
29.Rh3 Bg5 30.Rg3 Bh6 31.Ra1 Rb8 32.Rxa5 Rxb3 33.Ra6 Rb1+ 34.Kf2 Rb2+ 35.Kf3 Bxd5  1-0

[Event "Moscow Open 2012 A"]
[Site "Moscow RUS"]
[Date "2012.01.31"]
[Round "4.33"]
[White "Tukhaev,A"]
[Black "Girya,O"]
[Result "1-0"]
[WhiteElo "2537"]
[BlackElo "2399"]

1.e4 c5 2.Nf3 Nc6 3.Nc3 e5 4.Bb5 d6 5.a3 Bd7 6.Bc4 Be7 7.b4 Nf6 8.bxc5 dxc5
9.d3 O-O 10.h3 Ne8 11.O-O Nc7 12.Nd5 Rb8 13.a4 Be6 14.Ne3 Bd6 15.Nf5 Bxf5
16.exf5 Qf6 17.g4 h6 18.Rb1 Nd4 19.Nd2 Qh4 20.Kg2 Qd8 21.Ne4 Be7 22.h4 Nd5
23.c3 Nc6 24.g5 Nf4+ 25.Bxf4 exf4 26.Qg4 f3+ 27.Qxf3 hxg5 28.hxg5 Bxg5 29.Rh1 Ne5
30.Qg3 Nxc4 31.Nxg5 Qd5+ 32.Kg1 Rfd8 33.dxc4 Qxf5 34.Qh4 Qxb1+ 35.Kg2 Qxh1+
36.Qxh1 Rbc8 37.Qh7+ Kf8 38.Qh8+ Ke7 39.Qxg7  1-0

[Event "Moscow Open Women 2012"]
[Site "Moscow RUS"]
[Date "2012.01.31"]
[Round "4.28"]
[White "Grigorian,Mar"]
[Black "Skakun,V"]
[Result "1-0"]
[WhiteElo "2205"]
[BlackElo "1937"]

1.e4 c5 2.Nc3 Nc6 3.Bb5 g6 4.Bxc6 bxc6 5.d3 Bg7 6.f4 d6 7.Nf3 e6 8.O-O Ne7
9.Bd2 O-O 10.Rb1 Rb8 11.b3 Qc7 12.Qe1 Bd7 13.Qh4 Nc8 14.Rbe1 Nb6 15.e5 d5
16.Ng5 h6 17.Nf3 Qd8 18.Qf2 Qe7 19.Bc1 d4 20.Ne4 Nd5 21.Ba3 Nb4 22.Rd1 f5
23.exf6 Bxf6 24.Nxf6+ Qxf6 25.Ne5 Be8 26.c3 dxc3 27.Qxc5 Rb5 28.Qxc3 Nd5
29.Qd2 c5 30.d4 Nxf4 31.g3 Nh3+ 32.Kg2 Qe7 33.Kxh3 Rf5 34.Rxf5 exf5 35.Re1 Qd8
36.d5 g5 37.Kg2 Ra5 38.Nc4 Ra6 39.Kg1 Bf7 40.Bxc5  1-0

[Event "17th HIT Open A"]
[Site "Nova Gorica SLO"]
[Date "2012.01.31"]
[Round "7"]
[White "Veliscek,Iza"]
[Black "Zavrtanik,Uros"]
[Result "0-1"]
[WhiteElo "1542"]
[BlackElo "1733"]

1.e4 c5 2.Nc3 Nc6 3.Bb5 d6 4.Bxc6+ bxc6 5.d3 Nf6 6.Be3 g6 7.Qd2 Bg7 8.f4 Ng4
9.h3 Nxe3 10.Qxe3 Rb8 11.Qc1 Qb6 12.Nge2 Qxb2 13.Qxb2 Rxb2 14.Kd2 O-O 15.g4 e6
16.Rab1 Rb6 17.Ng3 f5 18.Nce2 Ra6 19.gxf5 exf5 20.Nc1 Bh6 21.exf5 Bxf4+ 22.Ke2 Bxg3
23.fxg6 hxg6 24.Rg1 Bf4 25.Rxg6+ Kh7 26.Rg1 Bxc1 27.Rbxc1 Rxa2 28.Kd2 Ra4
29.Rce1 Raf4 30.Re7+ R4f7 31.Re4 Kh8 32.Rh4+ Rh7 33.Re4 Rxh3 34.Ra4 a6 35.Rg6 d5
36.Rxc6 Bd7 37.Raxa6 Bxc6 38.Rxc6 d4 39.Rxc5 Rh1 40.Ke2 Rh2+ 41.Ke1 Ra8 42.Rh5+ Rxh5
43.Kf2 Re5  0-1

[Event "Moscow Open D 2012"]
[Site "Moscow RUS"]
[Date "2012.02.01"]
[Round "5"]
[White "Zherebukh,Y"]
[Black "Belous,V"]
[Result "1-0"]
[WhiteElo "2594"]
[BlackElo "2522"]

1.e4 c5 2.Nf3 Nc6 3.Nc3 g6 4.d4 cxd4 5.Nxd4 Bg7 6.Be3 Nf6 7.Bc4 O-O 8.Bb3 a5
9.O-O a4 10.Nxa4 Nxe4 11.Nb5 Ra6 12.c4 d6 13.Qe2 Nf6 14.Rad1 Bg4 15.f3 Bd7
16.Nac3 Na5 17.Bc2 Qb8 18.b3 Nc6 19.Bb1 Be6 20.Rd2 Rc8 21.Rfd1 Ne5 22.Rd4 Nc6
23.R4d2 Ne5 24.Rd4 Nc6 25.Rh4 Ne5 26.Bh6 Bxh6 27.Rxh6 Rc5 28.Rh4 Nc6 29.Qd2 Ra8
30.Re1 Rh5 31.Rxh5 Nxh5 32.Be4 Qd8 33.Qe3 Ng7 34.Bxc6 bxc6 35.Nd4 Qc7 36.Re2 Ra5
37.Qf2 Bc8 38.Qh4 Ne6 39.Nxe6 Bxe6 40.Qd4 Qb7 41.Ne4 Qb4 42.Qc3 Qb6+ 43.Kf1 Rh5
44.g4 Ra5 45.Qd2 Qd8 46.h4 Re5 47.Qh6 f6 48.h5 gxh5 49.Ng3 hxg4 50.Rh2 gxf3
51.Qxh7+  1-0

[Event "Moscow Open F 2012"]
[Site "Moscow RUS"]
[Date "2012.02.01"]
[Round "5.5"]
[White "Rjanova,V"]
[Black "Pakhomov,R"]
[Result "1-0"]
[WhiteElo "2235"]
[BlackElo "1981"]

1.e4 c5 2.Nf3 Nc6 3.Nc3 g6 4.d4 cxd4 5.Nxd4 Bg7 6.Be3 Nf6 7.Bc4 O-O 8.Bb3 Na5
9.O-O Nxb3 10.axb3 d5 11.Ndb5 a6 12.Nxd5 Nxd5 13.exd5 Bxb2 14.Ra2 Bg7 15.c4 b6
16.Nd4 Bb7 17.Re1 Re8 18.Rae2 Qd7 19.Nf3 b5 20.Bd4 bxc4 21.bxc4 Rac8 22.Bxg7 Kxg7
23.Qd4+ Kg8 24.Ne5 Qc7 25.Ng4 f5 26.Nf6+ exf6 27.Rxe8+ Rxe8 28.Rxe8+ Kg7
29.Re1 a5 30.c5 a4 31.c6 Bc8 32.Qxa4 Qd6 33.Re8  1-0

[Event "Moscow Open 2012 A"]
[Site "Moscow RUS"]
[Date "2012.02.01"]
[Round "5.87"]
[White "Melnikov,E"]
[Black "Ganzhurov,R"]
[Result "1-0"]
[WhiteElo "2031"]
[BlackElo "2317"]

1.e4 c5 2.Nc3 Nc6 3.Nf3 e6 4.Be2 Nf6 5.O-O Be7 6.d4 cxd4 7.Nxd4 d6 8.Be3 O-O
9.f4 e5 10.fxe5 dxe5 11.Nf5 Bxf5 12.exf5 Nd4 13.Bd3 Rc8 14.Ne4 Nd5 15.Bc1 Qb6
16.Kh1 Rfd8 17.c3 Nc6 18.Qe2 f6 19.g3 Na5 20.b4 Nc6 21.a3 Kh8 22.Bb2 Ne3
23.Rf3 Ng4 24.Kg2 Rd7 25.Bc4 Nd8 26.Bb3 Qc6 27.Bc1 Bf8 28.h3 Nh6 29.Bxh6 gxh6
30.Rd3 Rg7 31.Rad1 Nf7 32.Bd5 Qa6 33.Be6 Rc7 34.Nxf6 Rxc3 35.Nh5 e4 36.Qxe4 Ng5
37.Qd4 Rc2+ 38.R1d2 Nxe6 39.fxe6 Qc6+ 40.Kh2 Rc1 41.Qxg7+  1-0

[Event "Gibraltar Open"]
[Site "Caleta ENG"]
[Date "2012.02.02"]
[Round "10.63"]
[White "Lipecki,A"]
[Black "Phadke,So1"]
[Result "0-1"]
[WhiteElo "2159"]
[BlackElo "2290"]

1.e4 c5 2.Nc3 Nc6 3.Bb5 e6 4.Bxc6 bxc6 5.d3 d5 6.f4 Ne7 7.Nf3 Ng6 8.O-O f6
9.Qe1 Be7 10.Ne2 c4 11.Be3 cxd3 12.cxd3 c5 13.Bf2 O-O 14.Qc1 Ba6 15.Rd1 Qc8
16.Ng3 f5 17.exf5 exf5 18.Rb1 Bd6 19.Nh5 Re8 20.Qc3 Qc7 21.Rbc1 Rac8 22.Bg3 Nxf4
23.Nxf4 Bxf4 24.Bxf4 Qxf4 25.Qa5 Bxd3 26.Qxa7 Be4 27.Qa3 Rc6 28.Rxc5 Bxf3
29.gxf3 Rg6+ 30.Kh1  0-1

[Event "Moscow Open 2012 A"]
[Site "Moscow RUS"]
[Date "2012.02.02"]
[Round "6.33"]
[White "Tukhaev,A"]
[Black "Kuindzhy,A"]
[Result "1/2-1/2"]
[WhiteElo "2537"]
[BlackElo "2407"]

1.e4 c5 2.Nf3 Nc6 3.Nc3 e5 4.Bb5 d6 5.a3 Bd7 6.b4 Nd4 7.Bxd7+ Qxd7 8.bxc5 Nxf3+
9.Qxf3 dxc5 10.Qg3 f6 11.d3 Ne7 12.f4 Qd4 13.Bd2 exf4 14.Qxf4 Nc6 15.Rb1 Qd7
16.Nb5 Rc8 17.O-O a6 18.Nc3 Bd6 19.Qh4 O-O 20.Nd5 Rb8 21.Rf5 Ne7 22.Rh5 Ng6
23.Qf2 b5 24.Rf1 Qg4 25.Rf5 Ne7 26.Nxe7+ Bxe7 27.Bf4 Rbc8 28.Qe3 Rfe8 29.Rf3 Bf8
30.Rxf6 c4 31.Rxa6 cxd3 32.cxd3 Rc2 33.Bg3 Qc8 34.Ra5 Bc5 35.d4 Bb6 36.Rxb5 Rc1+
37.Be1 Bxd4 38.Qxd4 Rxe1+ 39.Kf2 R1xe4 40.Qd5+ Kh8 41.Rb2 h6 42.Rd2 Qc1 43.Rd1 Re2+
44.Kf1  1/2-1/2

[Event "Moscow Open F 2012"]
[Site "Moscow RUS"]
[Date "2012.02.02"]
[Round "6.4"]
[White "Rjanova,V"]
[Black "Kryakvin,D"]
[Result "1-0"]
[WhiteElo "2235"]
[BlackElo "2566"]

1.e4 c5 2.Nf3 Nc6 3.Nc3 d6 4.d4 cxd4 5.Nxd4 Nf6 6.Bg5 e6 7.Qd2 Be7 8.O-O-O O-O
9.f4 Nxd4 10.Qxd4 h6 11.h4 Qa5 12.Kb1 Rd8 13.Qf2 b5 14.Bd3 b4 15.Ne2 Bb7
16.Bxf6 Bxf6 17.g4 g6 18.g5 hxg5 19.hxg5 Bg7 20.Rh3 Ba6 21.Bxa6 Qxa6 22.f5 exf5
23.exf5 gxf5 24.Ng3 Re8 25.Qxf5 d5 26.Qh7+ Kf8 27.Rh6 Re6 28.Nf5 Rg6 29.Qxg7+ Rxg7
30.Rxa6 Rxg5 31.Rf1 Re8 32.b3 Re5 33.Nh6 Re7 34.Raf6 Kg7 35.Rxf7+ Rxf7 36.Nxf7 Rh5
37.Nd8  1-0

[Event "Moscow Open 2012 A"]
[Site "Moscow RUS"]
[Date "2012.02.03"]
[Round "7.79"]
[White "Melnikov,E"]
[Black "Tleptsok,R"]
[Result "0-1"]
[WhiteElo "2031"]
[BlackElo "2322"]

1.e4 c5 2.Nc3 Nc6 3.Nf3 Nf6 4.Bb5 Nd4 5.e5 Nxb5 6.Nxb5 Nd5 7.Ng5 h6 8.Nxf7 Kxf7
9.Qf3+ Nf6 10.exf6 exf6 11.Qd5+ Kg6 12.O-O d6 13.Re1 Qb6 14.Nc3 Qc6 15.Qd3+ Bf5
16.Qg3+ Kh7 17.d3 Rd8 18.Bf4 d5 19.Re2 g5 20.Bc7 Rd7 21.Qf3 Kg6 22.Bg3 h5
23.Re8 b5 24.Rae1 c4 25.dxc4 bxc4 26.Ne2 Be4 27.Nd4 Bxf3 28.Nxc6 Be4 29.Nd4 Kf7
30.Rb8 h4 31.f3 hxg3 32.fxe4 gxh2+ 33.Kh1 Rh4 34.e5 fxe5 35.Nf3 Bd6 36.Nxe5+ Bxe5
37.Rxe5 Re7 38.Rxe7+ Kxe7 39.Rb7+ Ke6 40.Rxa7 d4 41.g3 d3 42.cxd3 cxd3 43.gxh4 d2
44.Ra6+ Ke5 45.Ra5+ Ke4 46.Rxg5 d1=Q+ 47.Kxh2 Qd6+ 48.Rg3 Qf6 49.Kh3 Qe6+
50.Kh2 Qxa2 51.Rg2 Kf4 52.Kh3 Qb3+ 53.Kh2 Qf3 54.Rg5 Qf2+ 55.Kh3 Qe1 56.Kg2 Qxh4
57.Rg8 Qe7 58.Rg3 Qe2+ 59.Kh3 Qf1+ 60.Kh2 Qf2+ 61.Kh1 Qxg3 62.b4 Kf3 63.b5 Qg2+  0-1

[Event "Moscow Open Women 2012"]
[Site "Moscow RUS"]
[Date "2012.02.03"]
[Round "7.36"]
[White "Avdeenko,T"]
[Black "Kim,Ya"]
[Result "1-0"]
[WhiteElo "2203"]
[BlackElo "1952"]

1.e4 c5 2.Nc3 Nc6 3.Bb5 g6 4.Bxc6 bxc6 5.d3 Bg7 6.Be3 d6 7.Qd2 Qa5 8.Nge2 Rb8
9.Rb1 Bg4 10.f3 Be6 11.O-O Rb4 12.a3 Rb8 13.b4 cxb4 14.axb4 Qc7 15.Ra1 Rb7
16.Ra6 Nf6 17.Rfa1 O-O 18.Rxa7 Nd7 19.Nf4 c5 20.Nfd5 Bxd5 21.Nxd5 Rxa7 22.Nxc7 Rxa1+
23.Kf2 cxb4 24.Nd5 e6 25.Nxb4 Rc8 26.d4 Nb6 27.Bh6 Nc4 28.Qg5 Bxd4+ 29.Ke2 Rb1
30.Nc6 f6 31.Qg4 Kf7 32.Nxd4 f5 33.Qh4 e5  1-0

[Event "80th ch-St Petersburg SF w"]
[Site "St Petersburg RUS"]
[Date "2012.02.03"]
[Round "7.4"]
[White "Chuprova,Irina"]
[Black "Klevets,Ksenia"]
[Result "1-0"]
[WhiteElo "1877"]
[BlackElo "1837"]

1.e4 c5 2.Nc3 Nc6 3.Nge2 g6 4.d4 cxd4 5.Nxd4 Bg7 6.Be3 Nf6 7.Nxc6 bxc6 8.e5 Ng8
9.Bd4 Nh6 10.e6 Bxd4 11.Qxd4 O-O 12.Qd2 Nf5 13.exf7+ Rxf7 14.g4 Ng7 15.O-O-O d5
16.f3 Rxf3 17.Be2 Rf8 18.h4 e5 19.h5 g5 20.Rdf1 Ne6 21.Qe3 e4 22.h6 Nf4 23.Nxe4 dxe4
24.Qxe4 Qf6 25.Kb1 Rb8 26.b3 Be6 27.Bd3 Qg6 28.Rxf4 gxf4 29.Qd4 Qf6 30.Qxa7 Qf7
31.Qc5 Bd5 32.Rh5 Qf6 33.g5 Qf7 34.g6 hxg6 35.Rg5 Kh8 36.Rxg6 Bxb3 37.Qe5+ Qf6
38.Rxf6 Bd5+ 39.Kc1  1-0

[Event "Basque Teams 2012"]
[Site "Bergara ESP"]
[Date "2012.02.04"]
[Round "4.3"]
[White "Huerga Leache,M"]
[Black "Ruiz Gomez,A"]
[Result "1-0"]
[WhiteElo "2436"]
[BlackElo "2413"]

1.e4 c5 2.Nf3 Nc6 3.Nc3 d6 4.d4 cxd4 5.Nxd4 Nf6 6.f3 e5 7.Nb3 Be7 8.Be3 O-O
9.Qd2 a5 10.Bb5 Na7 11.Bd3 Nc6 12.Bb5 Na7 13.Bd3 Nc6 14.a3 a4 15.Nc1 Be6
16.N1e2 d5 17.exd5 Nxd5 18.Nxd5 Qxd5 19.Nc3 Qa5 20.Ne4 Rfc8 21.Ng5 Bxg5 22.Bxg5 Nd4
23.Qxa5 Rxa5 24.Bd2 Rac5 25.Bc3 Bc4 26.Rc1 Bxd3 27.cxd3 f6 28.Rf1 g5 29.Rf2 Kf7
30.Rb1 Nb3 31.Rd1 Rxc3 32.bxc3 Rxc3 33.Re2 Nd4 34.Ra2 b6 35.Kd2 Rc5 36.h4 h6
37.hxg5 hxg5 38.Rh1 Nb3+ 39.Ke3 Rc3 40.Rh7+ Ke6 41.Rb7 Nd4 42.Rxb6+ Kf5 43.g4+ Kg6
44.Ke4 Rc7  1-0

[Event "TCh-CAT 2012"]
[Site "Catalunya ESP"]
[Date "2012.02.04"]
[Round "2.6"]
[White "Alonso Moyano,J"]
[Black "Gonzalez Perez,A"]
[Result "1-0"]
[WhiteElo "2396"]
[BlackElo "2464"]

1.e4 c5 2.Nc3 Nc6 3.Bb5 Nd4 4.Bc4 g6 5.Nf3 Bg7 6.Nxd4 cxd4 7.Qf3 e6 8.Nb5 Be5
9.c3 dxc3 10.d4 Bb8 11.Nxc3 Qa5 12.a3 a6 13.b4 Qc7 14.Qd3 b5 15.Bb3 Bb7 16.Be3 Ne7
17.Rc1 Qd6 18.e5 Qb6 19.Ne4 Bxe4 20.Qxe4 Ra7 21.d5 Qb7 22.Bxa7 Bxa7 23.Qc2 exd5
24.O-O O-O 25.Qc7 Rb8 26.Qd6 Nf5 27.Qxd5 Qxd5 28.Bxd5 Bd4 29.Rc7 Rd8 30.Rd1 Bxe5
31.Ra7 Kg7 32.Rxa6 Rc8 33.Ra7 Rc3 34.g3 h5 35.Rxd7 Rxa3 36.Rxf7+ Kh6 37.Rb7 Nd4
38.Re1 Bd6 39.h4 Ra8 40.Rd7 Ra6 41.Re8 g5 42.Be4  1-0

[Event "ch-TUR 2012"]
[Site "Kemer TUR"]
[Date "2012.02.05"]
[Round "10"]
[White "Aslanhan,H"]
[Black "Okus,M"]
[Result "0-1"]
[WhiteElo "1804"]
[BlackElo "1969"]

1.e4 c5 2.Nc3 Nc6 3.Nge2 g6 4.g3 Bg7 5.Bg2 d6 6.h3 e5 7.d3 Nge7 8.O-O O-O
9.f4 Nd4 10.g4 exf4 11.Bxf4 Nec6 12.a3 Be6 13.Rb1 b5 14.Ng3 b4 15.Nce2 Nxe2+
16.Nxe2 Nd4 17.Kh2 Rb8 18.Nxd4 Bxd4 19.a4 Qd7 20.b3 Rbd8 21.Qf3 f6 22.Qe2 Rfe8
23.Qf3 Bc3 24.Be3 Qe7 25.Rf2 d5 26.Bf4 c4 27.Re2 dxe4 28.Qxe4 cxb3 29.cxb3 Qf7
30.Qc6 Rxd3 31.Qb5 Rdd8 32.Bc6 Bd7 33.Rxe8+ Bxe8 34.Bxe8 Rxe8 35.Rd1 Qe6
36.Kg1 Kh8 37.Kf2 Qe4 38.Bc1 Bd4+ 39.Kg3 Rd8 40.Rf1 Be5+ 41.Kf2 Qc2+ 42.Qe2 Qxb3
43.Be3 Re8 44.Kg2 Bd4 45.g5 Rxe3 46.Qg4 Qd5+ 47.Rf3 Qxf3+  0-1

[Event "11th Aeroflot Open B"]
[Site "Moscow RUS"]
[Date "2012.02.07"]
[Round "1"]
[White "Kabanov,N"]
[Black "Blanco,Cr"]
[Result "1-0"]
[WhiteElo "2522"]
[BlackElo "2385"]

1.e4 c5 2.Nc3 Nc6 3.Bb5 Nd4 4.Bc4 g6 5.Nf3 Bg7 6.Nxd4 cxd4 7.Qf3 Nf6 8.Nb5 O-O
9.Nxd4 d5 10.exd5 e5 11.Ne2 b5 12.Bxb5 e4 13.Qg3 Ng4 14.h3 Be5 15.f4 exf3
16.Qxf3 Nh2 17.Qe4 Qf6 18.d4 Bd6 19.Bf4 Bf5 20.Qe3 Rab8 21.a4 a6 22.Bc6 Rxb2
23.Bxh2 Bxh2 24.Rxh2 Qd6 25.g3 Rxc2 26.Kf1 Rb8 27.Rf2 Bxh3+ 28.Kg1 Rbb2 29.Qe8+ Kg7
30.Rxf7+ Kh6 31.Qe3+ g5 32.Qf3 g4 33.Qe3+ Kg6 34.Be8 Rxe2 35.Qd3+ Kh6 36.Qxh7+ Kg5
37.Rf5+  1-0

[Event "11th Aeroflot Open B"]
[Site "Moscow RUS"]
[Date "2012.02.09"]
[Round "3"]
[White "Gomez,Joh"]
[Black "Ynojosa,F"]
[Result "1-0"]
[WhiteElo "2506"]
[BlackElo "2327"]

1.e4 c5 2.Nc3 Nc6 3.Bb5 e6 4.Bxc6 bxc6 5.d3 d5 6.Nf3 Nf6 7.O-O Be7 8.Re1 O-O
9.b3 Nd7 10.Bb2 d4 11.Ne2 e5 12.Bc1 Bd6 13.h3 g6 14.Bh6 Re8 15.Ng3 Nf8 16.Nd2 Ne6
17.Nc4 Bc7 18.Bd2 Ng7 19.Qc1 Be6 20.Qa3 Qe7 21.Qa6 Bd7 22.Rab1 Reb8 23.Ba5 Bb6
24.Bd2 Ne6 25.Ne2 Bc7 26.Qa3 a5 27.Qc1 a4 28.f4 axb3 29.axb3 f6 30.f5 gxf5
31.exf5 Ng7 32.g4 Kf7 33.Ng3 Rg8 34.Kf2 Ne8 35.Qd1 Nd6 36.Nxd6+ Bxd6 37.Qf3 Rg7
38.Rbc1 Ke8 39.Ne4 Kd8 40.Bh6 Rf7 41.Qe2 c4 42.bxc4 Bb4 43.Rg1 c5 44.Ra1 Rxa1
45.Rxa1 Bc6 46.Ra6 Qc7 47.g5 fxg5 48.Qh5 Ke7 49.f6+ Rxf6+ 50.Nxf6 e4 51.Ng8+ Kd8
52.Bxg5+ Kc8 53.Rxc6 e3+ 54.Ke2 Qxc6 55.Ne7+  1-0

[Event "11th Aeroflot Open B"]
[Site "Moscow RUS"]
[Date "2012.02.10"]
[Round "4"]
[White "Stukopin,A"]
[Black "Kislinsky,A"]
[Result "1/2-1/2"]
[WhiteElo "2460"]
[BlackElo "2535"]

1.e4 c5 2.Nf3 Nc6 3.Nc3 g6 4.d4 cxd4 5.Nxd4 Bg7 6.Be3 Nf6 7.Bc4 d6 8.f3 Nd7
9.Qd2 Nb6 10.Be2 Bd7 11.a4 Na5 12.b3 a6 13.Nd5 Nxd5 14.exd5 e5 15.dxe6 fxe6
16.f4 e5 17.fxe5 dxe5 18.Nf3 e4 19.Bd4 exf3 20.Bxg7 fxg2 21.Rg1 Qh4+ 22.Kd1 O-O-O
23.Kc1 Rhe8 24.Qxa5 Rxe2 25.Rxg2 Rxg2 26.Be5 Qg5+ 27.Kb2 Rxc2+ 28.Kxc2 Bf5+
29.Kb2 Rd2+ 30.Ka3 Qe7+ 31.Qb4 Qxe5 32.Rc1+ Rc2 33.Rxc2+ Bxc2 34.Qc4+ Kd7
35.Qxc2 a5 36.Ka2 Ke7 37.Qg2 Kf6 38.Qf3+ Kg5 39.Qg2+ Kh4 40.Qxb7 Qxh2+ 41.Ka3 Qd6+
42.b4 Kg3 43.Qb5 h5 44.Qxa5 Qd3+ 45.Kb2 Qd2+ 46.Kb3 Qe3+ 47.Kc2 h4 48.b5 Qe4+
49.Kb2 h3 50.Qc7+ Kg4 51.Qd7+ Kg3  1/2-1/2

[Event "TCh-LTU 2012"]
[Site "Lithuania LTU"]
[Date "2012.02.11"]
[Round "4"]
[White "Narmontas,R"]
[Black "Rutkauskas,G"]
[Result "1-0"]
[WhiteElo "2116"]
[BlackElo "1921"]

1.e4 c5 2.Nc3 Nc6 3.Bb5 g6 4.d3 Bg7 5.Bxc6 bxc6 6.f4 d5 7.Nf3 Bxc3+ 8.bxc3 dxe4
9.Ne5 exd3 10.cxd3 Qd5 11.O-O f6 12.Nf3 Bg4 13.Qa4 Bxf3 14.Rxf3 e6 15.Rb1 Ne7
16.Rb7 Qd6 17.d4 Qd5 18.Ba3 Kf7 19.Bxc5 Rhe8 20.Qa3 Qd8 21.f5 gxf5 22.Rh3 h5
23.Rxh5 Kg6 24.Rh3 Rb8 25.Bxe7 Qd5 26.Qc1 Rh8 27.Rxb8 Rxb8 28.Qh6+ Kf7 29.Qxf6+ Ke8
30.Rh8+ Kd7 31.Rxb8 Qe4 32.Rd8+ Kc7 33.Qe5+  1-0

[Event "TCh-SVK Extraliga 2011-12"]
[Site "Slovakia SVK"]
[Date "2012.02.12"]
[Round "8.1"]
[White "Antoniewski,R"]
[Black "Markos,J"]
[Result "1/2-1/2"]
[WhiteElo "2585"]
[BlackElo "2596"]

1.e4 c5 2.Nf3 Nc6 3.Nc3 e5 4.Bc4 Be7 5.d3 d6 6.Nd2 Nf6 7.Nf1 Bg4 8.f3 Be6
9.Ne3 O-O 10.O-O a6 11.a4 Nh5 12.Ncd5 Rb8 13.a5 Bg5 14.Bd2 Nf6 15.Kh1 Bxe3
16.Nxe3 d5 17.Ba2 Ne7 18.Qe1 Ng6 19.c4 d4 20.Nd5 Nh5 21.b4 Nhf4 22.Nxf4 Nxf4
23.Bb1 Bd7 24.bxc5 Ne6 25.Bc2 Nxc5 26.Qg3 f6 27.f4 exf4 28.Bxf4 Rc8 29.Bd6 Rf7
30.h4 Be6 31.e5 Nd7 32.exf6 Nxf6 33.Kg1 Rd7 34.Be5 Ng4 35.Bf4 Ne3 36.Bxe3 dxe3
37.Qxe3 Bf7 38.Rf4 Re7 39.Qf2 Bh5 40.g4 Bf7 41.Rf1 Qc7 42.Rf5 Kh8 43.Qf4 h6
44.Qxc7 Rcxc7 45.h5 g6 46.hxg6 Bxg6 47.Rd5 Kg7 48.Rd6 Bh7 49.Rb6 Re2 50.Rf2 Re5
51.Bb1 Re1+ 52.Kg2 Bg8 53.Rfb2 Ree7 54.Bc2 Be6 55.Bd1 Rcd7 56.Be2 Bf7 57.Kf2 Bg8
58.R2b3 Bh7 59.d4 Rxd4 60.Rxb7 Rdd7 61.Rxd7 Rxd7 62.c5 Rc7 63.Rc3 Kf6 64.Bxa6 Be4
65.Be2 Ke5 66.Ke3 Bc6 67.a6 Ra7 68.Ra3 Bd5 69.Ra5 Be6 70.Bf3 Bc8 71.c6+ Kd6
72.Rh5 Rxa6 73.Rxh6+ Ke5 74.Rh5+ Kd6 75.Kf4 Be6 76.Rh6 Ra4+ 77.Be4 Ke7 78.Rh7+ Kd6
79.g5 Ra1 80.Rh6 Rf1+ 81.Bf3 Ke7 82.Rh1 Rxf3+  1/2-1/2

[Event "3rd Novy Bor Open"]
[Site "Novy Bor CZE"]
[Date "2012.02.13"]
[Round "3"]
[White "Simacek,P"]
[Black "Oresky,J"]
[Result "1/2-1/2"]
[WhiteElo "2438"]
[BlackElo "2227"]

1.e4 c5 2.Nc3 Nc6 3.Nge2 d6 4.g3 g6 5.Bg2 Bg7 6.O-O e5 7.Nd5 Nge7 8.c3 O-O
9.d3 Rb8 10.a3 b5 11.b4 Nxd5 12.exd5 Ne7 13.Bg5 h6 14.Bd2 Qc7 15.a4 a6 16.axb5 axb5
17.Ra5 Bb7 18.Rxb5 Bxd5 19.Rxb8 Rxb8 20.Bxd5 Nxd5 21.Qb3 Qc6 22.Rb1 Nc7 23.Qc4 d5
24.Qa2 cxb4 25.cxb4 Qb5 26.Rc1 Ne6 27.Qb1 d4 28.Rc4 Qd5 29.Qf1 Qf3 30.Nc1 Ra8
31.h4 Ra1 32.b5 Rb1 33.Rb4 Rxb4 34.Bxb4 Qb7 35.Qg2 Qxb5 36.Qa8+ Kh7 37.Ba3 Qd7
38.Nb3 Qc7 39.Kg2 Qc3 40.Nc1 Nc5 41.Na2 Qc2 42.Bxc5 Qxc5 43.Qb7 Kg8 44.Nb4 Bf8
45.Nd5 Qd6 46.Kh2 h5  1/2-1/2

[Event "ch-ROU Women 2012"]
[Site "Sarata Monteoru ROU"]
[Date "2012.02.14"]
[Round "2.6"]
[White "Gelip,I"]
[Black "Sandu,Mi"]
[Result "0-1"]
[WhiteElo "2025"]
[BlackElo "2248"]

1.e4 c5 2.Nc3 Nc6 3.Bb5 Nd4 4.Bc4 e6 5.Nge2 a6 6.d3 b5 7.Bb3 Nxb3 8.axb3 Bb7
9.O-O Nf6 10.Bg5 Qc7 11.f4 Be7 12.f5 Ng4 13.Ng3 Bxg5 14.Qxg4 Be3+ 15.Kh1 Bd4
16.fxe6 dxe6 17.Nh5 O-O 18.Rf3 f5 19.Qh3 Be5 20.g4 b4 21.gxf5 bxc3 22.f6 Bxf6
23.Nxf6+ gxf6 24.Qxe6+ Qf7 25.Rg1+ Kh8 26.Qf5 cxb2 27.Rfg3 Rg8 28.Rxg8+ Rxg8
29.Rxg8+ Kxg8  0-1

[Event "11th Aeroflot Open B"]
[Site "Moscow RUS"]
[Date "2012.02.15"]
[Round "9"]
[White "Minasian,Art"]
[Black "Wan Yunguo"]
[Result "0-1"]
[WhiteElo "2525"]
[BlackElo "2428"]

1.e4 c5 2.Nc3 Nc6 3.Nf3 g6 4.h4 Nf6 5.d4 cxd4 6.Nxd4 d6 7.Be2 Bg7 8.h5 Nxh5
9.Nxc6 bxc6 10.Bxh5 gxh5 11.Qxh5 Rb8 12.Qg5 Kf8 13.Qg3 Qa5 14.Bd2 Rxb2 15.Nd1 Rb4
16.Bxb4 Qxb4+ 17.c3 Qxe4+ 18.Kd2 Bf5 19.Rc1 h5 20.Qf3 Bh6+ 21.Ne3 Qd3+ 22.Ke1 Bg4
23.Nxg4 Qd2+  0-1

[Event "11th Aeroflot Open B"]
[Site "Moscow RUS"]
[Date "2012.02.15"]
[Round "9"]
[White "Narayanan,SL"]
[Black "Gomes,Mary"]
[Result "1-0"]
[WhiteElo "2320"]
[BlackElo "2377"]

1.e4 c5 2.Nf3 Nc6 3.Nc3 g6 4.d4 cxd4 5.Nxd4 Bg7 6.Be3 Nf6 7.Bc4 O-O 8.Bb3 d6
9.f3 Bd7 10.Qd2 Nxd4 11.Bxd4 Bc6 12.h4 b5 13.h5 e5 14.Be3 b4 15.Ne2 d5 16.hxg6 hxg6
17.Bh6 dxe4 18.Qe3 exf3 19.Bxg7 Ng4 20.Bxe5 f2+ 21.Qxf2 Nxe5 22.Qg3 Re8 23.Qh3 Qf6
24.O-O-O Qg7 25.Rd4 Bd7 26.Rxd7 Nxd7 27.Qxd7 Rf8 28.Nf4 Rad8 29.Qh3 Rd6 30.Nd5 Rfd8
31.Nxb4 a5 32.Nd3 Rb6 33.Qe3 Rb5 34.Qe7 Rf8 35.a4 Rh5 36.Rxh5 gxh5 37.Ne5  1-0

[Event "ch-ROU Men 2012"]
[Site "Sarata Monteoru ROU"]
[Date "2012.02.15"]
[Round "4.56"]
[White "Soare,F"]
[Black "Mirauta,Stefano-Marius"]
[Result "0-1"]
[WhiteElo "1668"]
[BlackElo "1823"]

1.e4 c5 2.Nf3 Nc6 3.Nc3 g6 4.d4 cxd4 5.Nxd4 Bg7 6.Be3 d6 7.Bb5 Bd7 8.O-O Nf6
9.Re1 O-O 10.Qd2 Ng4 11.Nxc6 bxc6 12.Be2 Nxe3 13.Qxe3 Rb8 14.Rab1 Qa5 15.a3 Be6
16.Rf1 Rb7 17.Nd1 c5 18.c3 Rfb8 19.Qc1 Rb3 20.Ra1 Qa4 21.Bd3 Bc4 22.Qe3 Bh6
23.Qh3 Bg7 24.Qe3 R3b6 25.Qe2 Bb3 26.Ne3 c4 27.Bb1 Bh6 28.Nd5 R6b7 29.h4 Qc6
30.f4 Bg7 31.h5 e6 32.Ne3 d5 33.e5 Ba4 34.Ra2 Qc5 35.Rf3 Bb3 36.Ra1 d4 37.Be4 d3
38.Qd2 Rb6 39.Kh2 Bxe5 40.Ng4 Bg7 41.Raf1 Qxh5+ 42.Kg3 f5 43.Nf2 fxe4 44.f5 Be5+  0-1

[Event "ch-ROU Women 2012"]
[Site "Sarata Monteoru ROU"]
[Date "2012.02.16"]
[Round "4.8"]
[White "Anton,R"]
[Black "Bulmaga,E"]
[Result "0-1"]
[WhiteElo "1859"]
[BlackElo "1816"]

1.e4 c5 2.Nc3 Nc6 3.Bb5 Nd4 4.Bc4 e6 5.Nf3 a6 6.a4 Ne7 7.Nxd4 cxd4 8.Ne2 Nc6
9.d3 Be7 10.O-O O-O 11.f4 d5 12.Bb3 dxe4 13.dxe4 Bc5 14.Kh1 Nb4 15.Bd2 d3
16.Ng3 dxc2 17.Bxc2 Nxc2 18.Qxc2 Ba7 19.Bc3 Qh4 20.Qd1 Rd8 21.Qe2 Bd7 22.Nh5 e5
23.f5 Bc6 24.g4 Bd4 25.Be1 Qh3 26.Bg3 Rac8 27.f6 g6 28.Rae1 Bxb2 29.Qe3 Qxg4
30.Qh6 Bxe4+ 31.Rxe4 Qxe4+ 32.Kg1 Bd4+ 33.Bf2 Bxf2+ 34.Rxf2 Rd1+ 35.Rf1 Rxf1+
36.Kxf1 Qh1+  0-1